000 00829nam a22002177a 4500
001 6118
003 FISKH
005 20250530105108.0
008 250314b cb ||||| |||| 00| 0 eng d
040 _aFISKH
_bKhmer
_cFISKH
_dFISKH
050 _aPZ7
082 _a800
100 _aAnonymous / ក្រុមជុំនុំទំនៀមទម្លាប់ខ្មែរ
245 _a ប្រជុំរឿងព្រេងខ្មែរ :
_bភាគ​១​ /
_cក្រុមជុំនុំទំនៀមទម្លាប់ខ្មែរ
260 _aPhnom Penh :
_bMinistry of educatioon , youth and sport ;
_c2001.
300 _a135 pages :
_billustrations ;
_c20 cm .
650 _a Khmer folklore
650 _a រឿងព្រេងខ្មែរ
942 _2ddc
_cBK
_n0
999 _c6118
_d6118